000 004910000a22001810004500
003 MACL
005 20150725165904.0
008 150725b xxu||||| |||| 00| 0 eng d
040 _aMACL
_cMACL
041 _aEnglish
082 _a330/BAG
100 _aBagchi, Amiya Kumar
_92356
245 _aCapture and Exclude
_bDeveloping Economies and the poor in Global Finance
260 _bTulika Books
_c2007
_aNew Delhi
350 _a625
650 _aEconomics
_92430
942 _cBK
_k330/BAG
_2ddc
999 _c42865
_d42865